Priveľa bánk a v niektorých nečisté praktiky

Ekonomické výsledky v Rusku. Finančný systém sa skladá z trhu s akciami a bánk. Snaha prilákať zahraničných investorov. Zoznam ruských bánk s kapitálom nad 100 miliónov dolárov.

Salvato in:
Dettagli Bibliografici
Autore principale: Hanáček, Juraj
Natura: Capitolo di libro
Lingua:slovacco
Soggetti:
Tags: Aggiungi Tag
Nessun Tag, puoi essere il primo ad aggiungerne!!

MARC

LEADER 00000naa a2200000 4500
001 r019479
005 20251104124101.1
041 0 |a slo 
044 |a SK 
245 1 0 |a Priveľa bánk a v niektorých nečisté praktiky  |c Juraj Hanáček 
520 |a Ekonomické výsledky v Rusku. Finančný systém sa skladá z trhu s akciami a bánk. Snaha prilákať zahraničných investorov. Zoznam ruských bánk s kapitálom nad 100 miliónov dolárov. 
610 2 0 |a Rusko 
610 2 0 |a situácia hospodárska 
610 2 0 |a banky 
610 2 0 |a investície zo zahraničia 
610 2 0 |a investori 
100 1 |a Hanáček, Juraj